000 00937nam a22002295i 4500
001 152163
003 ES-MaACL
005 20230906204548.0
008 981022s1776 be |||| | fre d
040 _aCCPB | B
_bspa
_cCCPB | B
100 1 _aBlackstone, William.
_929078
245 1 0 _aCommentaires sur les loix angloises /
_cde M. Blackstone ; traduits de l'Anglois par M. D. G.*** sur la quatrieme edition D`Oxford ; tome cinquieme.
260 _aA Bruxelles :
_bChez J. L. de Boubers, Imprimeur-Libraire, ...,
_c1776.
300 _a[4], 512 p. ;
_c8º.
595 _aExiste al menos otra emisión con marca tip. en port.
597 _aSign.: [ ]\p2\s, A-Z\p8\s, 2A-2I\p8\s.
597 _aPort. con grab. xil.
650 0 4 _aDerecho-
_zGran Bretaña.
_911624
700 0 _aDamiens de Gomicourt, Auguste Pierre.
_942573
852 _aES-MaACL
_jR-373-78
_z-- Enc. hol.
_d--
_x Olim: F-10493-98
999 _c152163
_d152163